=LDR 00000nam 2200000 4500 =001 INLIS000000000028333 =005 20130612130640 =008 ***********************************Ind** =035 ##$$0010-061300000028333 =041 ##$$a Ind =082 ##$$a 2x0 =090 ##$$a 2x0, nat a =100 ##$$a NATA, Abuddin =245 ##$$a Al-Quran dan hadits, Dr. Abuddin Nata =260 ##$$a 1995 $b Jakarta =300 ##$$a xii, 210 hlm., 21 cm =650 ##$$a Al-quran dan hadits =850 ##$$a NBPNMAT